zpět

Detail výsledku týmu

Sen Viet, Jirkov

Datum a čas kvízu

27 Celkem bodů Celkový počet nahraných bodů na tomto kvízu bez doplňovacích otázek.
2. Pořadí na kvízu Konečné umístění týmu na tomto kvízu.

Zaznamenané odpovědi

# Otázka Odpověď Body Výsledky
1. Státní maturity začaly minulou... 0
2. Anglická motoristická žurnalis... 0
3. Patrně nejsympatičtější "oškli... 0
4. Ministerstvo dopravy vybralo v... 0
5. Minulý týden se začala prodáva... 0
6. Vzpomeňme v tomto tématu na zř... 0
7. Vyberte pravdivé tvrzení o For... 0
8. Ze kterého Formanova filmu je... 1
9. Jakou větu pronesl v Přeletu n... 0
10. V roce 1979 natočil Miloš Form... 1